ბათუმის შოთა რუსთაველის სახელმწიფო უნივერსიტეტის ბიბლიოთეკა

Contemporary Japanese Literature : (ბიბ.ჩანაწერი № 63946)

000 -LEADER
fixed length control field 00650nam a22001697a 4500
005 - DATE AND TIME OF LATEST TRANSACTION
control field 20260226132444.0
008 - FIXED-LENGTH DATA ELEMENTS--GENERAL INFORMATION
fixed length control field 260226s2005 enk||||| |||| 00| 0 eng d
020 ## - INTERNATIONAL STANDARD BOOK NUMBER
International Standard Book Number 9780887274367x
041 ## - LANGUAGE CODE
Language code of text/sound track or separate title eng
080 ## - UNIVERSAL DECIMAL CLASSIFICATION NUMBER
Universal Decimal Classification number 821.521-3 C-74
245 ## - TITLE STATEMENT
Title Contemporary Japanese Literature :
Remainder of title An Anthology Of Fiction, Film, And Other Writing /
Statement of responsibility, etc. Edited by Howard Hibbett.
264 ## - PRODUCTION, PUBLICATION, DISTRIBUTION, MANUFACTURE, AND COPYRIGHT NOTICE
Place of production, publication, distribution, manufacture Boston :
Name of producer, publisher, distributor, manufacturer Cheng & Tsui Company,
Date of production, publication, distribution, manufacture, or copyright notice 2005.
300 ## - PHYSICAL DESCRIPTION
Extent 469 p.;
Other physical details 23 cm.
653 ## - INDEX TERM--UNCONTROLLED
keyword თანამედროვე იაპონური ლიტერატურა
700 ## - ADDED ENTRY--PERSONAL NAME
Personal name Hibbett, Howard
Relator term რედაქტორი
9 (RLIN) 26988
942 ## - ADDED ENTRY ELEMENTS (KOHA)
Source of classification or shelving scheme
Koha item type წიგნი
ეგზემპლარები
Withdrawn status Lost status Source of classification or shelving scheme Damaged status Not for loan Permanent Location Current Location Shelving location Date acquired Cost, normal purchase price Full call number Barcode Date last seen Copy number Uniform Resource Identifier Price effective from Koha item type Public note
          ბათუმის შოთა რუსთაველის სახელმწიფო უნივერსიტეტის მთავარი ბიბლიოთეკა ბათუმის შოთა რუსთაველის სახელმწიფო უნივერსიტეტის მთავარი ბიბლიოთეკა წიგნსაცავი 2026-02-26 15.00 821.521-3 C-74 73827 2026-02-26 73827 იაპონიის ელჩის საჩუქარი 2026-02-26 წიგნი 15 ლ.